[Event "Manizales Feria op 29th"]
[Site "Manizales"]
[Date "2024.01.08"]
[Round "6"]
[White "Agudelo Gonzalez, Horacio"]
[Black "Abella, Alfonso"]
[Result "1-0"]
[WhiteElo "1471"]
[BlackElo "1805"]
[PlyCount "39"]
[EventDate "2024.01.05"]
[EventType "swiss"]
[EventRounds "7"]
[EventCountry "COL"]
[SourceTitle "CB02_2024"]
[SourceDate "2024.01.10"]
[SourceVersion "1"]
[SourceVersionDate "2024.01.10"]
[SourceQuality "1"]

1. e4 e6 2. d4 d5 3. e5 c5 4. c3 Nc6 5. Nf3 Qb6 6. Bd3 cxd4 7. Nxd4 Nxe5 8. 0-0 Be7 9. Re1 Nxd3 10. Qxd3 Bc5 11. b3 Ne7 12. Be3 0-0 13. b4 Bxd4 14. Bxd4 Qd8 15. Nd2 Nc6 16. Bc5 Re8 17. b5 Ne7 18. f4 Qc7 19. Be3 Nf5 20. a4 1-0

[Event "Manizales Feria op 29th"]
[Site "Manizales"]
[Date "2024.01.07"]
[Round "5"]
[White "Abella, Alfonso"]
[Black "Restrepo, Hugo"]
[Result "1-0"]
[WhiteElo "1805"]
[BlackElo "1535"]
[PlyCount "105"]
[EventDate "2024.01.05"]
[EventType "swiss"]
[EventRounds "7"]
[EventCountry "COL"]
[SourceTitle "CB02_2024"]
[SourceDate "2024.01.10"]
[SourceVersion "1"]
[SourceVersionDate "2024.01.10"]
[SourceQuality "1"]

1. d4 Nf6 2. Bf4 e6 3. e3 d5 4. Bd3 c5 5. c3 Nc6 6. Nd2 Be7 7. h3 0-0 8. Ngf3 a5 9. 0-0 b6 10. Qe2 Bb7 11. Rfe1 h6 12. Rad1 Bd6 13. Ne5 Qc7 14. Ndf3 Ne4 15. Qc2 f5 16. Ng6 Rf6 17. Bxd6 Qxd6 18. Nge5 c4 19. Bf1 Raf8 20. Nxc6 Bxc6 21. Ne5 Be8 22. f3 Ng5 23. h4 Nf7 24. f4 Qe7 25. Nf3 Nd6 26. b3 b5 27. Ne5 Ne4 28. Be2 Qc7 29. Rc1 Bc6 30. Bf3 Rc8 31. Bxe4 fxe4 32. h5 Be8 33. g4 cxb3 34. axb3 Rf8 35. Qd2 a4 36. c4 Qb7 37. c5 a3 38. Qb4 Ra8 39. Ra1 Qa6 40. Qc3 Qa5 41. b4 Qd8 42. Re2 Qh4 43. Qe1 Qxe1+ 44. Raxe1 Ra4 45. Ra1 Bf7 46. Nd7 Rd8 47. Nb6 Ra6 48. Rea2 Rf8 49. Rxa3 Rxa3 50. Rxa3 g6 51. hxg6 Bxg6 52. c6 Rf7 53. Nd7 1-0

[Event "Manizales op 28th"]
[Site "Manizales"]
[Date "2023.01.08"]
[Round "7"]
[White "Abella, Alfonso"]
[Black "Hincapie, Hernan"]
[Result "1-0"]
[WhiteElo "1790"]
[BlackElo "1604"]
[PlyCount "155"]
[EventDate "2023.01.05"]
[EventType "swiss"]
[EventRounds "8"]
[EventCountry "COL"]
[SourceTitle "CBM 212 Extra"]
[Source "ChessBase"]
[SourceDate "2023.03.31"]
[SourceVersion "1"]
[SourceVersionDate "2023.03.31"]
[SourceQuality "1"]

1. d4 d5 2. Bf4 Nc6 3. e3 Nf6 4. Nf3 e6 5. Nbd2 Be7 6. h3 Bd7 7. c3 a6 8. Bd3 h6 9. Ne5 Nxe5 10. Bxe5 c5 11. Qe2 c4 12. Bc2 Qb6 13. Rb1 Rc8 14. 0-0 0-0 15. e4 dxe4 16. Bxf6 Bxf6 17. Qxe4 Rfd8 18. Qh7+ Kf8 19. Ne4 Ke7 20. Nxf6 Kxf6 21. Qe4 Ke7 22. Rfe1 Bc6 23. Qh4+ Kf8 24. Re3 Rd5 25. Rg3 Qd8 26. Qf4 Qe7 27. Re1 Rg5 28. Ree3 Rd8 29. h4 Rh5 30. Qg4 Qxh4 31. Qxg7+ Ke7 32. Rh3 Qg5 33. Qxg5+ Rxg5 34. g3 Rh8 35. Re5 f6 36. Rxg5 fxg5 37. g4 Kf6 38. Re3 h5 39. gxh5 Rxh5 40. Be4 Bxe4 41. Rxe4 b5 42. Re5 Rh8 43. Rc5 Ra8 44. Rc6 Kf5 45. Kg2 e5 46. dxe5 Kxe5 47. Kf3 Kf5 48. Rc5+ Kg6 49. Kg4 Rf8 50. Rxg5+ Kh6 51. f4 Rf6 52. Re5 Rg6+ 53. Kf3 Rd6 54. f5 Kg5 55. Ke4 Rd2 56. Re6 Rxb2 57. Rg6+ Kh5 58. Rxa6 b4 59. Kd4 bxc3 60. Kxc3 Rb5 61. f6 Kg6 62. Kxc4 Rb1 63. a4 Kf7 64. Rc6 Rb8 65. a5 Rb1 66. Kc5 Rb2 67. a6 Rc2+ 68. Kb6 Rb2+ 69. Kc7 Ra2 70. Kb7 Rb2+ 71. Rb6 Rd2 72. a7 Rd7+ 73. Ka6 Rd8 74. Kb5 Ra8 75. Rb7+ Kxf6 76. Kb6 Re8 77. Rb8 Re6+ 78. Kc5 1-0